|
|
|
|
| LEADER |
01292nam a2200301 a 4500 |
| 001 |
14538013 |
| 003 |
BD-DhAAL |
| 005 |
20250713150620.0 |
| 008 |
091115s2007 ii a b 001 0 eng d |
| 010 |
|
|
|a \\2006029371
|
| 020 |
|
|
|a 0761934979 (paper back)
|
| 020 |
|
|
|a 9780761934974 (paper back)
|
| 040 |
|
|
|a DLC
|c DLC
|d BAKER
|d C#P
|d BTCTA
|d DLC
|d BD-DhAAL
|
| 082 |
0 |
0 |
|a 658.15
|2 22
|
| 100 |
1 |
|
|a Vishwanath, S. R.,
|d 1971-
|9 58735
|
| 245 |
1 |
0 |
|a Corporate finance :
|b theory and practice /
|c Vishwanath S.R.
|
| 250 |
|
|
|a Second edition., Rev. and enhanced, New edition.
|
| 260 |
|
|
|a New Delhi ;
|a Thousand Oaks, Calif. :
|b Response Books,
|c 2007.
|
| 300 |
|
|
|a 761 pages :
|b illustrations ;
|c 25 cm.
|
| 504 |
|
|
|a Includes bibliographical references and index.
|
| 526 |
|
|
|x Requisitioned by Faculties of BBS
Course name and no : N/A
|
| 541 |
1 |
|
|a Karim International
|e 00019588
|
| 650 |
|
0 |
|a Corporations
|x Finance.
|
| 650 |
|
0 |
|a Management.
|
| 852 |
4 |
|
|a Ayesha Abed Library
|j General shelf
|
| 942 |
|
|
|2 ddc
|c BK
|
| 999 |
|
|
|c 5508
|d 5508
|
| 952 |
|
|
|0 0
|1 0
|2 ddc
|4 0
|6 658_150000000000000_VIS
|7 0
|9 5383
|a BRACUL
|b BRACUL
|c GEN
|d 2009-11-15
|e Karim International
|g 534.00
|l 2
|m 2
|o 658.15 VIS
|p 3010019588
|r 2015-12-14
|s 2015-12-02
|t 1
|w 2009-11-15
|y BK
|x Requisitioned by Faculties of BBS. Course name and no. "not available".
|